000 01351nam a2200301 a 4500
001 BRCA_363
005 20190320202957.0
008 870806s1987 ja-a---##b---#000-0#eng-#
020 _a093631611X (pbk.)
040 _aDLC
_cDLC
_dDLC
050 4 _aND1054.5
_b.P37 1987
100 1 _aTakashina, Shuji
_d1932
_91219
245 1 0 _aParis in Japan
_bthe Japanese Encounter with European Painting
_cShuji Takashina, J. Thomas Rimer, with Gerald D. Bolas.
260 _aTokyo
_bJapan Foundation
260 _aSt. Louis
_bWashington University
_c1987
300 _a287 p.
_bil. (algunas a color)
_c28 cm.
500 _aCatálogo de la exposición presentada en Washington Univ. Galería del Arte, St. Louis, del 2 octubre - 22 noviembre, 1987 ; Galería de la Casa de Japón, New York, 11 diciembre, 1987 - 7 febrero, 1988 ; Galería del Arte Whight, Univ. de California. Los Angeles, 21 febrero - 3 abril, 1988
500 _aDonación Fundación Japón
504 _aBibliografía : p. 282-287
650 1 4 _aPintura japonesa
_vExposiciones
_91220
650 1 4 _aPintura japonesa
_vExposiciones
_yPeriodo Meiji, 1868-1912
_91221
650 1 4 _aPintura japonesa
_xInfluencia francesa
_91222
650 1 4 _aPintura japonesa
_xInfluencia europea
_91223
700 1 _aRimer, J. Thomas
_91224
700 1 _aBolas, Gerald D
_91225
902 _aDFJ
942 _2lcc
_cB
999 _c300
_d300